[Event "Macskasy mem E"]
[Site "Vancouver CAN"]
[Date "2005.08.01"]
[Round "5.3"]
[White "Sabaratnam, Thiruvaran"]
[Black "Choi, David"]
[Result "1-0"]
[WhiteElo "1111"]
[BlackElo "992"]
[PlyCount "43"]
[GameId "2160767910900842"]
[EventDate "2005.07.30"]
[EventType "swiss"]
[EventRounds "5"]
[EventCountry "CAN"]
[SourceTitle "Scoresheets"]

1. e4 e5 2. Nf3 Nc6 3. Bc4 Bc5 4. Nc3 Nf6 5. d3 h6 6. O-O d6 7. h3 O-O 8. Bd2 Be6 9. Bd5 Bxd5 10. exd5 Nd4 11. a3 a5 12. Be3 Re8 13. Kh1 c6 14. dxc6 bxc6 15. Ne4 Nxe4 16. dxe4 Nxf3 17. Qxf3 Bb6 18. Rad1 c5 19. Rd2 Re7 20. Rfd1 Rd7 21. Qg4 Qf6 22. Qxd7 1-0

[Event "Macskasy mem E"]
[Site "Vancouver CAN"]
[Date "2005.08.01"]
[Round "5.4"]
[White "Chang, Allan"]
[Black "Cosenza, Aaron"]
[Result "0-1"]
[WhiteElo "944"]
[BlackElo "1304"]
[PlyCount "102"]
[GameId "2160767910900843"]
[EventDate "2005.07.30"]
[EventType "swiss"]
[EventRounds "5"]
[EventCountry "CAN"]
[SourceTitle "Scoresheets"]

1. e4 e5 2. Nf3 Nf6 3. Nc3 Nc6 4. d4 d5 5. exd5 Nxd5 6. Nxd5 Qxd5 7. Be3 e4 8. Ne5 Nxe5 9. dxe5 Qxe5 10. Qd4 Bd6 11. Qxe5+ Bxe5 12. O-O-O O-O 13. f4 exf3 14. gxf3 Be6 15. f4 Bf6 16. Kb1 Rfe8 17. Bc5 b6 18. Ba3 c5 19. Bb5 Red8 20. Rxd8+ Rxd8 21. b3 g6 22. Kc1 Bd4 23. Bb2 Be3+ 24. Kb1 Bxf4 25. Bc1 Bb8 26. Bc4 Bxc4 27. bxc4 Rd4 28. Bb2 Rd2 29. Re1 Rd8 30. Bf6 Rf8 31. Be7 Re8 32. Bh4 Rxe1+ 33. Bxe1 Bxh2 34. Bd2 Be5 35. Be3 h5 36. Kc1 f5 37. Bf2 g5 38. Kd1 Kg7 39. Ke2 Kg6 40. Kf3 g4+ 41. Kg2 Kg5 42. Be3+ f4 43. Bf2 h4 44. a4 f3+ 45. Kf1 g3 46. Bg1 Bc3 47. Be3+ Kg4 48. Kg1 h3 49. Bh6 h2+ 50. Kh1 Kh3 51. Be3 g2# 0-1

[Event "Marathon 2005"]
[Site "Granby CAN"]
[Date "2005.05.07"]
[Round "3"]
[White "Papineau (Granby), Daniel"]
[Black "Anastasovski, Nikola"]
[Result "1/2-1/2"]
[WhiteElo "2039"]
[BlackElo "2189"]
[PlyCount "143"]
[GameId "2160767910968547"]
[EventDate "2005.05.06"]
[EventType "swiss"]
[EventRounds "7"]
[EventCountry "CAN"]

1. d4 f5 2. c4 e6 3. g3 Nf6 4. Bg2 Bb4+ 5. Bd2 Qe7 6. Qb3 Nc6 7. e3 Ne4 8. Bxe4 fxe4 9. a3 Bxd2+ 10. Nxd2 b6 11. Ne2 Qf7 12. Qc2 Bb7 13. b4 O-O 14. Rf1 d5 15. Rc1 Rac8 16. h4 Ne7 17. c5 Bc6 18. Qb3 Bb5 19. a4 Bd3 20. Rc3 bxc5 21. Rxc5 Qh5 22. Qd1 c6 23. Rg1 Rb8 24. b5 cxb5 25. Rc7 Nc8 26. axb5 Rxb5 27. Nf4 Qxd1+ 28. Kxd1 Rb6 29. Nxd3 exd3 30. f4 a5 31. Rc3 Nd6 32. Rxd3 Ne4 33. Rb3 Rfb8 34. Kc2 Rxb3 35. Nxb3 a4 36. Nc5 Nxc5 37. dxc5 Rc8 38. Kd3 Rxc5 39. Rb1 Ra5 40. Kc3 Rc5+ 41. Kd3 Rc8 42. Ra1 Rc4 43. Rb1 Kf7 44. Rb7+ Kf6 45. Ra7 Rb4 46. Kd2 h5 47. Kc2 g6 48. Kd3 Rb3+ 49. Kd4 a3 50. Ra8 Kf5 51. Rf8+ Kg4 52. Rg8 a2 53. Ra8 Rb2 54. Ke5 Kxg3 55. Kxe6 Rd2 56. Kf6 Kxh4 57. Kxg6 Kg4 58. f5 h4 59. f6 Rf2 60. f7 h3 61. Rxa2 Rxa2 62. f8=Q h2 63. Qf4+ Kh3 64. Qf3+ Kh4 65. Qf4+ Kh3 66. Qf3+ Kh4 67. Kf5 Ra4 68. Qf2+ Kh3 69. Qf3+ Kh4 70. Qf2+ Kh3 71. Qg2+ Kh4 72. e4 1/2-1/2

[Event "Mauricie op"]
[Site "Trois-Rivieres CAN"]
[Date "2005.03.18"]
[Round "1"]
[White "Bachand-Fleurent, Julien"]
[Black "Leger, Michel"]
[Result "1-0"]
[WhiteElo "2209"]
[BlackElo "1972"]
[PlyCount "73"]
[GameId "2160767910965402"]
[EventDate "2005.03.18"]
[EventType "swiss"]
[EventRounds "5"]
[EventCountry "CAN"]
[SourceTitle "EXT 2006"]
[Source "ChessBase"]
[SourceDate "2005.11.24"]
[SourceVersion "1"]
[SourceVersionDate "2005.11.24"]
[SourceQuality "1"]

1. e4 c5 2. Nc3 d6 3. g3 Nc6 4. Bg2 g6 5. d3 Bg7 6. Be3 Nf6 7. h3 Bd7 8. f4 Rb8 9. g4 b5 10. Qd2 Qa5 11. Nge2 c4 12. d4 b4 13. Nd1 d5 14. e5 Ne4 15. Bxe4 dxe4 16. d5 c3 17. bxc3 bxc3 18. Ndxc3 Nb4 19. O-O h5 20. a3 Na6 21. Bxa7 Ra8 22. Bd4 Rh7 23. Qe3 Nb4 24. axb4 Qxa1 25. Rxa1 Rxa1+ 26. Kf2 hxg4 27. Nxe4 Rxh3 28. Qxh3 gxh3 29. Bxa1 Bf5 30. N2g3 Bg4 31. Bd4 Bh6 32. Be3 Bd1 33. c4 Bb3 34. Nd2 Ba2 35. b5 Kd7 36. b6 f6 37. e6+ 1-0

[Event "Mauricie op"]
[Site "Trois-Rivieres CAN"]
[Date "2005.03.18"]
[Round "1"]
[White "Laptos, Krzysztof"]
[Black "Trottier, Yves"]
[Result "1/2-1/2"]
[WhiteElo "2254"]
[BlackElo "2015"]
[PlyCount "43"]
[GameId "2160767910965404"]
[EventDate "2005.03.18"]
[EventType "swiss"]
[EventRounds "5"]
[EventCountry "CAN"]
[SourceTitle "EXT 2006"]
[Source "ChessBase"]
[SourceDate "2005.11.24"]
[SourceVersion "1"]
[SourceVersionDate "2005.11.24"]
[SourceQuality "1"]

1. Nf3 d5 2. c4 e6 3. g3 Nf6 4. Bg2 Be7 5. O-O O-O 6. b3 b6 7. Bb2 Bb7 8. Ne5 Nbd7 9. d4 c5 10. dxc5 Nxc5 11. Nd2 Rc8 12. b4 Ncd7 13. a3 Nxe5 14. Bxe5 Qd7 15. cxd5 Bxd5 16. Nf3 Rfd8 17. Rc1 Rxc1 18. Qxc1 Rb8 19. Qb2 Qc6 20. Nd4 Qd7 21. Bxd5 Qxd5 22. Nf3 1/2-1/2

[Event "Mauricie op"]
[Site "Trois-Rivieres CAN"]
[Date "2005.03.18"]
[Round "1"]
[White "Malek, Omid"]
[Black "Bolduc, Steve"]
[Result "0-1"]
[WhiteElo "2016"]
[BlackElo "2262"]
[PlyCount "88"]
[GameId "2160767910965407"]
[EventDate "2005.03.18"]
[EventType "swiss"]
[EventRounds "5"]
[EventCountry "CAN"]
[SourceTitle "EXT 2006"]
[Source "ChessBase"]
[SourceDate "2005.11.24"]
[SourceVersion "1"]
[SourceVersionDate "2005.11.24"]
[SourceQuality "1"]

1. e4 c5 2. Nf3 d6 3. d4 cxd4 4. Nxd4 Nf6 5. Nc3 a6 6. a4 e5 7. Nb3 Be6 8. Bg5 Be7 9. Bxf6 Bxf6 10. Nd5 Bg5 11. Be2 Nd7 12. O-O Rc8 13. a5 Nf6 14. Ra4 Bxd5 15. exd5 Nd7 16. Bg4 O-O 17. Bxd7 Qxd7 18. Rg4 Bh6 19. c3 f5 20. Rb4 Rc7 21. Qe2 g6 22. Rb6 Rfc8 23. Rb4 Re8 24. Rd1 Bg5 25. h4 Bh6 26. h5 Bg5 27. g3 Qf7 28. hxg6 hxg6 29. Rb6 Rd7 30. Kg2 Kg7 31. c4 Rh8 32. Rh1 Rxh1 33. Kxh1 Bd8 34. Rb4 Kf8 35. Kg1 Qg8 36. Qe3 Rh7 37. Qf3 Qh8 38. Nc1 e4 39. Qg2 Bxa5 40. Rb3 Qd4 41. Qf1 Bd2 42. Kg2 e3 43. Rd3 Qg4 44. fxe3 Qe4+ 0-1

[Event "Mauricie op"]
[Site "Trois-Rivieres CAN"]
[Date "2005.03.18"]
[Round "1"]
[White "Masse, Hugues"]
[Black "Sauve, Richard"]
[Result "1/2-1/2"]
[WhiteElo "2217"]
[BlackElo "2003"]
[PlyCount "120"]
[GameId "2160767910965408"]
[EventDate "2005.03.18"]
[EventType "swiss"]
[EventRounds "5"]
[EventCountry "CAN"]
[SourceTitle "EXT 2006"]
[Source "ChessBase"]
[SourceDate "2005.11.24"]
[SourceVersion "1"]
[SourceVersionDate "2005.11.24"]
[SourceQuality "1"]

1. d4 e6 2. c4 d5 3. Nc3 c6 4. Nf3 dxc4 5. a4 Bb4 6. e3 b5 7. Bd2 a5 8. axb5 Bxc3 9. Bxc3 cxb5 10. b3 Bb7 11. bxc4 b4 12. Bb2 Nf6 13. Bd3 Nbd7 14. O-O Qc7 15. Re1 O-O 16. Qc2 Rfe8 17. e4 e5 18. c5 exd4 19. Bxd4 Ba6 20. e5 Bxd3 21. Qxd3 Nd5 22. Ng5 Nf8 23. Qe4 Ne7 24. f4 h6 25. Nf3 Qc6 26. Qc2 Ne6 27. f5 Ng5 28. Nxg5 hxg5 29. f6 Qd5 30. Bb2 Ng6 31. Rad1 Qa2 32. c6 a4 33. Ra1 Qe6 34. Rxa4 gxf6 35. Rxb4 Nxe5 36. Rc1 Rac8 37. c7 Kg7 38. Rb3 Rxc7 39. Rc3 Qb6+ 40. Kh1 Rxc3 41. Bxc3 Qe3 42. Bd2 Qd3 43. h3 Rd8 44. Qxd3 Rxd3 45. Rc2 Kg6 46. Kg1 f5 47. Kf2 f4 48. Bc3 f6 49. Ke2 Rg3 50. Kf1 Kf5 51. Be1 Rb3 52. Rc3 Rb2 53. Bf2 Ke4 54. Ba7 Ra2 55. Bb6 f3 56. gxf3+ Nxf3 57. Re3+ Kf4 58. Re2 Rxe2 59. Kxe2 f5 60. Kf2 g4 1/2-1/2

[Event "Mauricie op"]
[Site "Trois-Rivieres CAN"]
[Date "2005.03.18"]
[Round "1"]
[White "Picard, Jean"]
[Black "Larochelle, Martial"]
[Result "1-0"]
[WhiteElo "1991"]
[BlackElo "2213"]
[PlyCount "103"]
[GameId "2160767910965409"]
[EventDate "2005.03.18"]
[EventType "swiss"]
[EventRounds "5"]
[EventCountry "CAN"]
[SourceTitle "EXT 2006"]
[Source "ChessBase"]
[SourceDate "2005.11.24"]
[SourceVersion "1"]
[SourceVersionDate "2005.11.24"]
[SourceQuality "1"]

1. e4 c5 2. d4 cxd4 3. c3 Nf6 4. e5 Nd5 5. Bc4 Qc7 6. Qe2 Nb6 7. Bd3 Nc6 8. Nf3 d5 9. exd6 Qxd6 10. Na3 Bg4 11. Nb5 Qd7 12. Nbxd4 Nxd4 13. cxd4 a6 14. O-O e6 15. h3 Bh5 16. Bf4 Be7 17. Qe5 Bxf3 18. Qxg7 O-O-O 19. Rac1+ Bc6 20. Rxc6+ Qxc6 21. Rc1 Qxc1+ 22. Bxc1 Rdf8 23. Qe5 Nd5 24. Bc4 Bf6 25. Qe4 Rd8 26. Qf3 Bxd4 27. Qxf7 Nc7 28. Bxe6+ Nxe6 29. Qxe6+ Kb8 30. Bf4+ Ka8 31. Qb3 Rhe8 32. g4 Re2 33. Bg3 Rxb2 34. Qf7 Bc5 35. Qc7 Bb6 36. Qxh7 Rf8 37. Qh4 Rxa2 38. g5 Rd2 39. g6 Bd4 40. Kg2 Bg7 41. Qe7 Rg8 42. h4 Rdd8 43. h5 Rde8 44. Qg5 Rh8 45. Bf4 Ref8 46. Be3 Rc8 47. Kg3 Rc7 48. Qf4 Rd7 49. Qf5 Rdd8 50. Qc5 Kb8 51. Qa7+ Kc8 52. Bf4 1-0

[Event "Mauricie op"]
[Site "Trois-Rivieres CAN"]
[Date "2005.03.18"]
[Round "1"]
[White "Trinh, Tri Bao"]
[Black "Prahov, Valentin"]
[Result "1/2-1/2"]
[WhiteElo "2004"]
[BlackElo "2221"]
[PlyCount "51"]
[GameId "2160767910965410"]
[EventDate "2005.03.18"]
[EventType "swiss"]
[EventRounds "5"]
[EventCountry "CAN"]
[SourceTitle "EXT 2006"]
[Source "ChessBase"]
[SourceDate "2005.11.24"]
[SourceVersion "1"]
[SourceVersionDate "2005.11.24"]
[SourceQuality "1"]

1. e4 c5 2. c3 d5 3. exd5 Qxd5 4. d4 Nf6 5. Nf3 e6 6. Bd3 Be7 7. O-O O-O 8. Re1 Nc6 9. Be3 Rd8 10. Qe2 cxd4 11. cxd4 Bd7 12. Nc3 Qh5 13. a3 Be8 14. Bc4 Rac8 15. b4 a6 16. Rac1 Bd6 17. h3 h6 18. Qa2 Ne7 19. Ne5 Bxe5 20. dxe5 Nfd5 21. Bxd5 Nxd5 22. Nxd5 exd5 23. Rxc8 Rxc8 24. Qxd5 Bc6 25. Qd6 Re8 26. Bf4 1/2-1/2

[Event "Mauricie op"]
[Site "Trois-Rivieres CAN"]
[Date "2005.03.19"]
[Round "2"]
[White "Auger, Bertrand"]
[Black "Malek, Omid"]
[Result "0-1"]
[WhiteElo "1902"]
[BlackElo "2016"]
[PlyCount "74"]
[GameId "2160767910965412"]
[EventDate "2005.03.18"]
[EventType "swiss"]
[EventRounds "5"]
[EventCountry "CAN"]
[SourceTitle "EXT 2006"]
[Source "ChessBase"]
[SourceDate "2005.11.24"]
[SourceVersion "1"]
[SourceVersionDate "2005.11.24"]
[SourceQuality "1"]

1. Nf3 Nf6 2. g3 g6 3. b4 Bg7 4. Bb2 O-O 5. Bg2 d5 6. O-O Nbd7 7. d3 Re8 8. Nbd2 e5 9. e4 c6 10. c4 d4 11. c5 Bf8 12. Qb3 Nh5 13. Rac1 Ng7 14. Ne1 Nb8 15. f4 Be6 16. Qa4 f6 17. fxe5 fxe5 18. Nef3 Nd7 19. Nc4 Bxc4 20. dxc4 Ne6 21. Qb3 Bh6 22. Rcd1 Ng5 23. Nxg5 Bxg5 24. Qf3 Rf8 25. Qg4 Be3+ 26. Kh1 Qe7 27. Bc1 Rxf1+ 28. Bxf1 Nf6 29. Qh4 g5 30. Qh6 Ng4 31. Qh5 Nf2+ 32. Kg2 Nxd1 33. Qxd1 Bxc1 34. Qxc1 b6 35. cxb6 axb6 36. Qd2 h6 37. Be2 Qa7 0-1

[Event "Mauricie op"]
[Site "Trois-Rivieres CAN"]
[Date "2005.03.19"]
[Round "2"]
[White "Beaudoin, Stephane"]
[Black "Wilkin, Alain"]
[Result "1-0"]
[WhiteElo "2044"]
[BlackElo "1943"]
[PlyCount "98"]
[GameId "2160767910965413"]
[EventDate "2005.03.18"]
[EventType "swiss"]
[EventRounds "5"]
[EventCountry "CAN"]
[SourceTitle "EXT 2006"]
[Source "ChessBase"]
[SourceDate "2005.11.24"]
[SourceVersion "1"]
[SourceVersionDate "2005.11.24"]
[SourceQuality "1"]

1. e4 c5 2. Nf3 e6 3. d4 cxd4 4. Nxd4 a6 5. Bd3 Nc6 6. Nxc6 dxc6 7. Be3 e5 8. O-O Nf6 9. a4 Bd6 10. Na3 O-O 11. Nc4 Bc7 12. a5 Be6 13. Nb6 Rb8 14. Qd2 Nd7 15. Nxd7 Qxd7 16. Rfd1 Qe7 17. Qc3 Rfe8 18. Bc5 Qg5 19. Qb4 Bg4 20. Re1 h5 21. Bf1 h4 22. Ra3 Re6 23. Ba7 Bd6 24. Bc5 Bxc5 25. Qxc5 Rd8 26. Qa7 Re7 27. Qc5 Red7 28. Qe3 Qg6 29. Bd3 Be6 30. f4 exf4 31. Qxf4 h3 32. g3 Qg4 33. Rc3 Rd4 34. Rc5 Qxf4 35. gxf4 g6 36. b3 R8d7 37. Rg5 Bxb3 38. f5 Kg7 39. fxg6 fxg6 40. e5 Bc4 41. Rxg6+ Kh8 42. e6 Re7 43. Bf5 Rf4 44. Bxh3 Bd5 45. Re5 Kh7 46. Rg3 Rh4 47. Bf5+ Kh8 48. Rh3 Rxh3 49. Bxh3 Kg7 1-0

[Event "Mauricie op"]
[Site "Trois-Rivieres CAN"]
[Date "2005.03.19"]
[Round "2"]
[White "Bolduc, Steve"]
[Black "Berube, Antoine"]
[Result "1/2-1/2"]
[WhiteElo "2262"]
[BlackElo "2089"]
[PlyCount "124"]
[GameId "2160767910965414"]
[EventDate "2005.03.18"]
[EventType "swiss"]
[EventRounds "5"]
[EventCountry "CAN"]
[SourceTitle "EXT 2006"]
[Source "ChessBase"]
[SourceDate "2005.11.24"]
[SourceVersion "1"]
[SourceVersionDate "2005.11.24"]
[SourceQuality "1"]

1. d4 d5 2. c4 c6 3. Nf3 Nf6 4. e3 Bf5 5. cxd5 cxd5 6. Bb5+ Nc6 7. Qa4 Qb6 8. Bd2 a6 9. Bxc6+ Qxc6 10. Qxc6+ bxc6 11. Nc3 e6 12. Rc1 Nd7 13. Na4 Rc8 14. Ke2 Bd6 15. h3 O-O 16. Nh4 Bg6 17. Nxg6 fxg6 18. Rc2 e5 19. Rhc1 Nb8 20. dxe5 Bxe5 21. Bc3 Bxc3 22. Rxc3 Rce8 23. Rd1 Rf7 24. Nc5 Ref8 25. f3 Re7 26. Rd4 Rd8 27. Kf2 Ra7 28. Ra4 Kf7 29. Rca3 Ke7 30. Nxa6 Rxa6 31. Rxa6 Nxa6 32. Rxa6 Rb8 33. b3 Kd6 34. Ke2 Rb7 35. Kd3 Kc5 36. Kc3 Kb5 37. Ra8 c5 38. Re8 Kc6 39. e4 dxe4 40. Rxe4 Ra7 41. a4 Rb7 42. Re8 Kd6 43. Ra8 Kc6 44. Ra6+ Kd5 45. a5 Re7 46. Kd3 Rb7 47. Rb6 Rxb6 48. axb6 Kc6 49. Kc4 Kxb6 50. Kd5 g5 51. g3 Kb5 52. f4 gxf4 53. gxf4 Kb4 54. h4 h5 55. Kc6 g6 56. Kd5 Kxb3 57. Kxc5 Kc3 58. Kd5 Kd2 59. Ke5 Ke3 60. f5 gxf5 61. Kxf5 Kf3 62. Kg5 Ke4 1/2-1/2

[Event "Mauricie op"]
[Site "Trois-Rivieres CAN"]
[Date "2005.03.19"]
[Round "2"]
[White "Larochelle, Martial"]
[Black "Hebert, Andre jr"]
[Result "1-0"]
[WhiteElo "2213"]
[BlackElo "1651"]
[PlyCount "71"]
[GameId "2160767910965416"]
[EventDate "2005.03.18"]
[EventType "swiss"]
[EventRounds "5"]
[EventCountry "CAN"]

1. d4 d5 2. c4 c6 3. Nf3 Nf6 4. e3 Bg4 5. Qb3 Qb6 6. cxd5 Qxb3 7. axb3 Nxd5 8. Bd2 Bxf3 9. gxf3 e6 10. Be2 Nd7 11. Nc3 Bd6 12. O-O O-O 13. Rfc1 a6 14. Nxd5 exd5 15. Bd3 f5 16. Bc3 Rae8 17. Kh1 Re6 18. Rg1 Rh6 19. Rg2 Rh3 20. Rag1 g6 21. Rxg6+ hxg6 22. Rxg6+ Kf7 23. Rxd6 Ke8 24. Kg2 Rfh8 25. Bxf5 Rxh2+ 26. Kg3 Nf8 27. Ba5 R2h6 28. Rd8+ Ke7 29. Rb8 Rg8+ 30. Bg4 b5 31. Bb4+ Kf7 32. Rb7+ Ke8 33. e4 Rh7 34. Rb8+ Kf7 35. e5 Ne6 36. Rxg8 1-0

[Event "Mauricie op"]
[Site "Trois-Rivieres CAN"]
[Date "2005.03.19"]
[Round "2"]
[White "Luksza, Arkadiusz"]
[Black "Trinh, Tri Bao"]
[Result "1-0"]
[WhiteElo "2196"]
[BlackElo "2004"]
[PlyCount "51"]
[GameId "2160767910965417"]
[EventDate "2005.03.18"]
[EventType "swiss"]
[EventRounds "5"]
[EventCountry "CAN"]
[SourceTitle "EXT 2006"]
[Source "ChessBase"]
[SourceDate "2005.11.24"]
[SourceVersion "1"]
[SourceVersionDate "2005.11.24"]
[SourceQuality "1"]

1. d4 Nf6 2. Nf3 d5 3. c4 dxc4 4. e3 c5 5. Bxc4 e6 6. O-O cxd4 7. exd4 Be7 8. Nc3 O-O 9. Qe2 Nc6 10. Rd1 Nb4 11. Bg5 Nbd5 12. Rac1 h6 13. Bh4 b6 14. Ne5 Bb7 15. Bg3 Nxc3 16. Rxc3 Nd5 17. Rc2 Rc8 18. Bd3 Rxc2 19. Bxc2 Nf6 20. f3 Bd5 21. Qd3 g6 22. Nxg6 fxg6 23. Qxg6+ Kh8 24. Qxh6+ Kg8 25. Qg6+ Kh8 26. Be5 1-0

[Event "Mauricie op"]
[Site "Trois-Rivieres CAN"]
[Date "2005.03.19"]
[Round "2"]
[White "Paradis, Sylvain"]
[Black "Libersan, Thierry"]
[Result "0-1"]
[WhiteElo "1953"]
[BlackElo "2055"]
[PlyCount "108"]
[GameId "2160767910965418"]
[EventDate "2005.03.18"]
[EventType "swiss"]
[EventRounds "5"]
[EventCountry "CAN"]
[SourceTitle "EXT 2006"]
[Source "ChessBase"]
[SourceDate "2005.11.24"]
[SourceVersion "1"]
[SourceVersionDate "2005.11.24"]
[SourceQuality "1"]

1. Nf3 Nf6 2. c4 g6 3. d4 Bg7 4. Nc3 O-O 5. e4 d6 6. Be2 e5 7. dxe5 dxe5 8. Qxd8 Rxd8 9. Bg5 Re8 10. a3 c6 11. O-O a5 12. h3 Nbd7 13. Be3 Bf8 14. Nd2 Kg7 15. Na4 b6 16. f3 Rb8 17. Rab1 Nh5 18. Rfc1 Nf4 19. Bf1 Ne6 20. Kf2 f5 21. Kg1 Nd4 22. b4 axb4 23. axb4 Nf6 24. Nc3 Be6 25. Bd3 Red8 26. Bf1 Nh5 27. Bxd4 exd4 28. Ne2 Ra8 29. g4 d3 30. Nc3 fxg4 31. fxg4 Nf4 32. Rd1 Ra3 33. Nd5 cxd5 34. cxd5 Nxd5 35. Nc4 Rc3 36. exd5 Rxd5 37. Nxb6 Rd4 38. Na4 Rb3 39. Nc5 Bxc5 40. bxc5 d2 41. Ra1 Rc3 42. Rdb1 Bb3 43. Be2 Re3 44. Kf2 Rxh3 45. g5 Rf4+ 46. Kg2 Re3 47. Ra7+ Kf8 48. Bd1 Bd5+ 49. Kg1 Re1+ 50. Kh2 Rf2+ 51. Kg3 Rg2+ 52. Kf4 Re4+ 53. Kf3 Rb4+ 54. Ke3 Rxb1 0-1

[Event "Mauricie op"]
[Site "Trois-Rivieres CAN"]
[Date "2005.03.19"]
[Round "2"]
[White "Plante, Rejean"]
[Black "Bachand-Fleurent, Julien"]
[Result "0-1"]
[WhiteElo "2100"]
[BlackElo "2209"]
[PlyCount "102"]
[GameId "2160767910965419"]
[EventDate "2005.03.18"]
[EventType "swiss"]
[EventRounds "5"]
[EventCountry "CAN"]
[SourceTitle "EXT 2006"]
[Source "ChessBase"]
[SourceDate "2005.11.24"]
[SourceVersion "1"]
[SourceVersionDate "2005.11.24"]
[SourceQuality "1"]

1. d4 d5 2. c4 c6 3. e3 Nf6 4. Nc3 e6 5. Nf3 Nbd7 6. Qc2 Bd6 7. cxd5 cxd5 8. Bd2 a6 9. Bd3 O-O 10. O-O Re8 11. Rfe1 e5 12. dxe5 Nxe5 13. Be2 Bg4 14. Nd4 Bxe2 15. Ndxe2 Rc8 16. Nd4 b5 17. a3 Nc4 18. g3 Ne4 19. Nxe4 dxe4 20. Bc3 Qg5 21. Qe2 Ne5 22. Red1 Bc5 23. Nb3 Nf3+ 24. Kg2 Qg4 25. Rd2 Qe6 26. Qd1 Ng5 27. Qh5 f6 28. Nd4 Bxd4 29. Rxd4 g6 30. Qh6 Nf3 31. Rad1 Nxd4 32. Rxd4 Red8 33. Qf4 Rxd4 34. Bxd4 Kg7 35. Bc3 h6 36. h4 Rc5 37. Qb8 Rd5 38. Bb4 Qf7 39. Qb6 g5 40. hxg5 fxg5 41. Bc3+ Kh7 42. Qf6 Qxf6 43. Bxf6 Kg6 44. Bc3 Kf5 45. Bd4 g4 46. Kf1 Ke6 47. Ke2 Rh5 48. Bb6 Kd5 49. Kd2 Kc4 50. Kc2 Rf5 51. b3+ Kd5 0-1

[Event "Mauricie op"]
[Site "Trois-Rivieres CAN"]
[Date "2005.03.19"]
[Round "2"]
[White "Prahov, Valentin"]
[Black "Rivest, Jean-Michel"]
[Result "1-0"]
[WhiteElo "2221"]
[BlackElo "1913"]
[PlyCount "67"]
[GameId "2160767910965420"]
[EventDate "2005.03.18"]
[EventType "swiss"]
[EventRounds "5"]
[EventCountry "CAN"]
[SourceTitle "EXT 2006"]
[Source "ChessBase"]
[SourceDate "2005.11.24"]
[SourceVersion "1"]
[SourceVersionDate "2005.11.24"]
[SourceQuality "1"]

1. e4 c5 2. Nf3 d6 3. d4 cxd4 4. Nxd4 Nf6 5. Nc3 a6 6. Be2 e5 7. Nb3 Be7 8. Be3 Be6 9. Nd5 Nbd7 10. f3 b5 11. a4 Bxd5 12. exd5 b4 13. a5 Qc7 14. O-O O-O 15. Qd2 Rfc8 16. Rfc1 Qb7 17. Rd1 g6 18. Rac1 Bd8 19. Kh1 Nc5 20. Nxc5 dxc5 21. Ra1 Be7 22. d6 Bf8 23. Bg5 Nd7 24. Bc4 Ra7 25. Re1 Qc6 26. Rad1 Re8 27. b3 Nb8 28. f4 Nd7 29. fxe5 Nxe5 30. Qd5 Qxd5 31. Rxd5 Nxc4 32. Rxe8 f6 33. d7 Rxd7 34. Rxd7 1-0

[Event "Mauricie op"]
[Site "Trois-Rivieres CAN"]
[Date "2005.03.19"]
[Round "2"]
[White "Sauve, Richard"]
[Black "Fortier, Marc-Andre"]
[Result "0-1"]
[WhiteElo "2003"]
[BlackElo "2130"]
[PlyCount "72"]
[GameId "2160767910965422"]
[EventDate "2005.03.18"]
[EventType "swiss"]
[EventRounds "5"]
[EventCountry "CAN"]
[SourceTitle "EXT 2006"]
[Source "ChessBase"]
[SourceDate "2005.11.24"]
[SourceVersion "1"]
[SourceVersionDate "2005.11.24"]
[SourceQuality "1"]

1. d4 g6 2. c4 Bg7 3. e4 d6 4. Nc3 Nd7 5. Be3 e5 6. d5 Ne7 7. Nf3 h6 8. Be2 f5 9. Qa4 O-O 10. b4 Nf6 11. Bd3 Bd7 12. Qc2 c6 13. dxc6 bxc6 14. Rd1 Qb8 15. a3 f4 16. Bd2 Be6 17. O-O Rc8 18. Rb1 d5 19. exd5 cxd5 20. cxd5 Nexd5 21. Ba6 Rc6 22. b5 Rc5 23. Qb3 Nc7 24. Qa4 Rc4 25. Qa5 Nd7 26. Na4 e4 27. b6 axb6 28. Nxb6 Rxa6 29. Nxc4 Qa7 30. Qb4 exf3 31. Bxf4 Nd5 32. Qd2 Nc3 33. Rb4 Ne2+ 34. Kh1 Bc3 35. Qe3 Qxe3 36. fxe3 Nxf4 0-1

[Event "Mauricie op"]
[Site "Trois-Rivieres CAN"]
[Date "2005.03.19"]
[Round "3"]
[White "Fortier, Marc-Andre"]
[Black "Bolduc, Steve"]
[Result "0-1"]
[WhiteElo "2130"]
[BlackElo "2262"]
[PlyCount "90"]
[GameId "2160767910965423"]
[EventDate "2005.03.18"]
[EventType "swiss"]
[EventRounds "5"]
[EventCountry "CAN"]

1. e4 c5 2. Nc3 Nc6 3. g3 g6 4. Bg2 Bg7 5. d3 d6 6. f4 e6 7. Nf3 Nge7 8. O-O Qc7 9. Be3 Nd4 10. Qd2 O-O 11. Nh4 f5 12. Nd1 Bd7 13. c3 Ndc6 14. Nf2 Rac8 15. Nf3 b5 16. d4 cxd4 17. Nxd4 Na5 18. Rac1 Nc4 19. Qe2 Rfe8 20. b3 Nxe3 21. Qxe3 e5 22. fxe5 dxe5 23. Ne2 fxe4 24. Bxe4 Nf5 25. Bxf5 gxf5 26. c4 Qb7 27. cxb5 Bxb5 28. Rxc8 Rxc8 29. Rc1 Rxc1+ 30. Nxc1 Qd5 31. Ncd3 Bc6 32. Ne1 h6 33. Qd3 Qa5 34. Nc2 Qd5 35. Ne3 Qxd3 36. Nxd3 Be4 37. Nc5 Bb1 38. a4 Kf7 39. b4 f4 40. gxf4 exf4 41. Nd5 Bd4+ 42. Kf1 f3 43. Nf4 Kf6 44. Nfd3 Kf5 45. b5 Ba2 0-1

[Event "Mauricie op"]
[Site "Trois-Rivieres CAN"]
[Date "2005.03.19"]
[Round "3"]
[White "Libersan, Thierry"]
[Black "Anastasovski, Nikola"]
[Result "1-0"]
[WhiteElo "2055"]
[BlackElo "2117"]
[PlyCount "121"]
[GameId "2160767910965424"]
[EventDate "2005.03.18"]
[EventType "swiss"]
[EventRounds "5"]
[EventCountry "CAN"]
[SourceTitle "EXT 2006"]
[Source "ChessBase"]
[SourceDate "2005.11.24"]
[SourceVersion "1"]
[SourceVersionDate "2005.11.24"]
[SourceQuality "1"]

1. e4 e5 2. Nf3 Nc6 3. Bb5 f5 4. Nc3 Nf6 5. O-O fxe4 6. Bxc6 dxc6 7. Nxe5 Bd6 8. d4 Qe7 9. Bg5 Bf5 10. f3 O-O-O 11. Qe1 exf3 12. Rxf3 Bxc2 13. Qf2 Bg6 14. Re1 Qf8 15. Bxf6 gxf6 16. Rxf6 Qg7 17. Qh4 Kb8 18. Rff1 Rhg8 19. g3 a6 20. Na4 Rge8 21. Nc5 Bxc5 22. dxc5 Rd5 23. Nxg6 Rxe1 24. Rxe1 hxg6 25. Re8+ Ka7 26. Qh8 Qxh8 27. Rxh8 Rxc5 28. h4 Rd5 29. Rg8 Rd6 30. Kf2 c5 31. g4 b5 32. h5 gxh5 33. gxh5 Rd5 34. h6 Rh5 35. Rg6 c4 36. Kg3 Kb7 37. Kg4 Rh1 38. Rf6 b4 39. Kg5 Rg1+ 40. Kh5 c3 41. bxc3 bxc3 42. Rf2 Rh1+ 43. Kg6 Rg1+ 44. Kf7 Rh1 45. Kg7 Rg1+ 46. Kf7 Rh1 47. Kg7 Kb6 48. Rc2 Rg1+ 49. Kf7 Rf1+ 50. Kg7 Rg1+ 51. Kf7 Rh1 52. Kg7 c5 53. Rxc3 Kb5 54. Rg3 c4 55. h7 Kb4 56. a3+ Kc5 57. h8=Q Rxh8 58. Kxh8 Kd4 59. Rg4+ Kd3 60. Rg6 a5 61. Ra6 1-0